[Event "Club Championships Major Open"]
[Site "Wellington Chess Club"]
[Date "2019.11.28"]
[Round "10.2"]
[White "Brockway, Andrew"]
[Black "Wojnar, Maciej"]
[Result "0-1"]
[WhiteElo "1836"]
[BlackElo "2000"]

1. e4 e5 2. Nf3 f5 3. Nc3 fxe4 4. Nxe4 d5 5. Ng3 e4 6. Nd4 Nf6 7. Be2 c5 8. Nb3
Nc6 9. d3 exd3 10. cxd3 Be7 11. O-O O-O 12. Be3 b6 13. Qc1 Be6 14. d4 c4 15.
Nd2 Ng4 16. Nf3 Nxe3 17. Qxe3 Qd6 18. Rfe1 Bd7 19. Ne5 Nxe5 20. dxe5 Qc5 21.
Bf3 Be6 22. Rad1 Rad8 23. Rd4 Qa5 24. Qd2 Qxd2 25. Rxd2 Bb4 26. Red1 Bxd2 27.
Rxd2 d4 28. Ne2 d3 29. Nf4 Rxf4 0-1

[Event "Club Championships Major Open"]
[Site "Wellington Chess Club"]
[Date "2019.11.28"]
[Round "10.3"]
[White "Rabina, Romeo"]
[Black "Stone, Andrew"]
[Result "0-1"]
[WhiteElo "1647"]
[BlackElo "2074"]

1. b3 g6 2. Nc3 d5 3. e3 Bg7 4. Bb2 Nf6 5. Be2 O-O 6. f4 c5 7. Nf3 Ne4 8. Nxe4
Bxb2 9. Rb1 dxe4 10. Rxb2 exf3 11. Bxf3 Qc7 12. O-O Nc6 13. c3 e5 14. Be2 e4
15. h3 Qe7 16. Qe1 a5 17. g4 f5 18. g5 Be6 19. Rf2 a4 20. Bd1 axb3 21. Bxb3
Bxb3 22. axb3 Ra3 23. Qe2 Rfa8 24. Rf1 Ra1 25. Rbb1 R1a2 26. Rf2 Rd8 27. Kf1
Qd6 28. Ke1 Qd3 29. Qxd3 Rxd3 30. Re2 b5 31. Kd1 b4 32. Rc1 Rb2 33. cxb4 Nxb4
34. Rxc5 Rb1+ 35. Rc1 Rdxb3 0-1

[Event "Club Championships Major Open"]
[Site "Wellington Chess Club"]
[Date "2019.11.28"]
[Round "10.4"]
[White "Wevers, Alexis"]
[Black "Stracy, Don"]
[Result "1-0"]
[WhiteElo "1798"]
[BlackElo "1606"]

1. d4 Nf6 2. Bf4 d5 3. Nf3 g6 4. e3 Bg7 5. h3 c5 6. c3 cxd4 7. cxd4 b6 8. Nc3
Bb7 9. Nb5 Na6 10. Rc1 Rc8 11. Rxc8 Bxc8 12. Nxa7 Bd7 13. Bxa6 Qa8 14. Nb5 Bxb5
15. Bxb5+ Kf8 16. a4 1-0

[Event "Club Championships Major Open"]
[Site "Wellington Chess Club"]
[Date "2019.11.28"]
[Round "10.5"]
[White "Webster, Jamie"]
[Black "Carroll, Lewis"]
[Result "0-1"]
[WhiteElo "1701"]
[BlackElo "1422"]

1. e4 c5 2. Nf3 Nc6 3. d4 cxd4 4. Nxd4 Nf6 5. Nc3 e6 6. Be3 Bb4 7. Nb5 Nxe4 8.
Qg4 Nxc3 9. bxc3 Qf6 10. Nc7+ Kf8 11. O-O-O Ba3+ 12. Kd2 Rb8 13. Nb5 Be7 14.
Be2 a6 15. Nd4 e5 16. Nf3 d5 17. Qh5 d4 18. cxd4 exd4 19. Bg5 Bb4+ 20. Kc1 Qd6
21. Bc4 Ba3+ 22. Kd2 Qb4+ 23. Kd3 Bf5+ 24. Ke2 Re8+ 25. Kf1 Qxc4+ 0-1

[Event "Club Championships Major Open"]
[Site "Wellington Chess Club"]
[Date "2019.11.28"]
[Round "10.6"]
[White "Ashe, Michael"]
[Black "Enegbuma, Wallace"]
[Result "0-1"]
[WhiteElo "1662"]
[BlackElo "1777"]

1. d4 d5 2. c4 dxc4 3. Nf3 Nf6 4. e3 Bf5 5. Bxc4 e6 6. O-O Be7 7. Nc3 Nbd7 8.
a3 c6 9. b4 Qc7 10. h3 Nb6 11. Bd3 Bg6 12. Ne5 Bd6 13. Nxg6 hxg6 14. e4 Bf4 15.
e5 Nfd5 16. Ne4 Rd8 17. Qc2 Qe7 18. Qc5 Kf8 19. Qxe7+ Kxe7 20. Nc5 Bxc1 21.
Raxc1 Nf4 22. Rfd1 Rxd4 23. Bf1 Rxd1 24. Rxd1 Rb8 25. a4 Nbd5 26. b5 cxb5 27.
axb5 b6 28. Ne4 Rc8 29. g3 Nh5 30. Nd6 Rc5 31. Nb7 Rc7 32. Nd6 f6 33. Nc4 Nc3
34. Re1 Nxb5 35. Nxb6 axb6 36. Bxb5 Rc5 37. exf6+ gxf6 38. Rb1 f5 39. Be2 Rc6
40. Bxh5 gxh5 41. h4 Kd6 42. Kg2 Kc7 43. Rb2 Rc5 44. Kf3 e5 45. Ke3 Kc6 46. Kd3
b5 47. f3 Rc4 48. Re2 Kd5 49. Rg2 b4 50. Rb2 Rc3+ 51. Ke2 Kc4 52. g4 fxg4 53.
fxg4 hxg4 54. h5 Rh3 0-1

[Event "Club Championships Major Open"]
[Site "Wellington Chess Club"]
[Date "2019.11.28"]
[Round "10.7"]
[White "Dixon, Hamish"]
[Black "Farrington, Lawrence"]
[Result "0-1"]
[WhiteElo "1681"]
[BlackElo "1706"]

1. e4 e6 2. d4 d5 3. e5 c5 4. c3 Nc6 5. Nf3 Qb6 6. Be2 Nge7 7. O-O Nf5 8. Bd3
h6 9. Re1 cxd4 10. Bxf5 exf5 11. cxd4 Be6 12. Re3 Rc8 13. Rb3 Qc7 14. Na3 a6
15. Be3 Be7 16. Rc1 Qd7 17. h3 O-O 18. Nh2 Na5 19. Rbc3 Rxc3 20. Rxc3 Rc8 21.
Qc1 Rxc3 22. Qxc3 Nc6 23. Nc2 Qd8 24. Qd2 Kh7 25. a3 Bg5 26. Nf3 Bxe3 27. Qxe3
Na5 28. b3 Qb6 29. Nd2 Qc7 30. Qd3 Qc8 31. b4 Nc6 32. Nb3 b6 33. Ne3 g6 34. f4
Na7 35. a4 Nc6 36. Nc2 Nb8 37. a5 bxa5 38. bxa5 Qc7 39. Nb4 Qb7 40. Qc3 Qb5 41.
Nd3 Qc4 42. Qb4 Nc6 43. Qb6 Qxd3 44. Qxc6 Qxb3 45. Qxa6 Qc4 46. Qb7 Kg7 47. Qb6
Qc1+ 48. Kf2 Qxf4+ 49. Ke2 Qe4+ 50. Kf2 Qc2+ 51. Kf3 Qd3+ 52. Kf2 Qd2+ 53. Kf3
f4 54. Qb3 Qe3+ 55. Qxe3 fxe3 56. Kxe3 Bc8 57. Kd3 Kf8 58. Kc3 Ke8 59. Kb4 Kd7
60. Kb5 Kc7 61. Kc5 Be6 62. Kb5 Kb7 63. h4 h5 64. g3 Ka7 65. Kc5 Ka6 66. Kb4
Bc8 67. Kc5 Kxa5 68. Kxd5 Kb5 69. Kd6 Kc4 70. d5 Kd4 71. e6 fxe6 72. dxe6 Ba6
73. e7 Bb5 74. Ke6 Be8 75. Kf6 Ke4 76. Kg5 Kf3 0-1

[Event "Club Championships Major Open"]
[Site "Wellington Chess Club"]
[Date "2019.11.28"]
[Round "10.8"]
[White "Stannard, Bobby"]
[Black "Kibblewhite, Daniel"]
[Result "0-1"]
[WhiteElo "1485"]
[BlackElo "1537"]

1. e4 e6 2. d4 d5 3. e5 c5 4. c3 Nc6 5. Nf3 Nh6 6. Bxh6 gxh6 7. Bb5 Qb6 8.
Bxc6+ bxc6 9. Qd2 Ba6 10. h3 Rb8 11. b3 cxd4 12. cxd4 Bb4 13. Nc3 c5 14. a3
Bxc3 15. Qxc3 Qxb3 16. Qxc5 Qb2 17. Rd1 Qe2# 0-1

[Event "Club Championships Major Open"]
[Site "Wellington Chess Club"]
[Date "2019.11.28"]
[Round "10.9"]
[White "Tarzwell, Caleb"]
[Black "Van der Hoorn, Thomas"]
[Result "0-1"]
[WhiteElo "1500"]
[BlackElo "1807"]

1. d4 Nf6 2. c4 e6 3. Nc3 Bb4 4. a3 Be7 5. Bg5 O-O 6. Nf3 h6 7. Bh4 Re8 8. e3
c5 9. Bd3 cxd4 10. Nxd4 d5 11. O-O Nc6 12. Nxc6 bxc6 13. cxd5 Nxd5 14. Bxe7
Qxe7 15. Rc1 Rb8 16. b4 Rd8 17. Qb3 c5 18. Nxd5 exd5 19. Rxc5 Qxc5 20. bxc5
Rxb3 21. Be2 Rxa3 22. Rc1 Ba6 23. Bf3 Bc4 24. h3 Ra5 25. c6 Rc8 26. Bxd5 Bxd5
27. c7 Kf8 28. Kf1 Ke7 29. Ke2 Kd7 0-1

[Event "Club Championships Major Open"]
[Site "Wellington Chess Club"]
[Date "2019.11.28"]
[Round "10.10"]
[White "Asher, Bruce"]
[Black "Darr, Samuel"]
[Result "0-1"]
[WhiteElo "1178"]
[BlackElo "1567"]

1. e4 e6 2. Nc3 d5 3. d4 c5 4. Nf3 dxe4 5. Nxe4 b6 6. c3 Bb7 7. Bd3 Nf6 8.
Nxf6+ Qxf6 9. Bg5 Bxf3 10. Qa4+ Bc6 11. Bb5 Qxg5 12. Bxc6+ Nxc6 13. Qxc6+ Ke7
14. Qxa8 g6 15. Qf3 Qd5 16. Qg3 cxd4 17. Qh4+ f6 18. Qg4 dxc3 19. bxc3 Qe5+ 20.
Qe2 Qxc3+ 21. Qd2 Qxa1+ 22. Qd1 Qxd1+ 23. Kxd1 Bh6 24. Ke2 Rc8 25. Kd3 Rc1 26.
Rxc1 Bxc1 27. Kc4 a6 28. a4 Bd2 29. f3 Kd6 30. g4 Ke5 31. Kd3 Ba5 32. Ke3 b5
33. f4+ Kd5 34. axb5 axb5 35. Kd3 b4 36. Kc2 Ke4 37. f5 exf5 38. gxf5 gxf5 39.
Kd2 b3+ 40. Kc1 Bc3 41. Kb1 f4 42. Kc1 f3 43. Kd1 Ke3 0-1

[Event "Club Championships Major Open"]
[Site "Wellington Chess Club"]
[Date "2019.11.28"]
[Round "10.11"]
[White "Cooke, Xandi"]
[Black "Osborne, Geoff"]
[Result "1-0"]
[WhiteElo "1512"]
[BlackElo "1287"]

1. d4 d5 2. c4 dxc4 3. e3 Nf6 4. Bxc4 Bg4 5. f3 Bh5 6. Qb3 b6 7. Ne2 g5 8. O-O
Rg8 9. Nbc3 Rg7 10. e4 e6 11. Be3 Be7 12. a3 h6 13. Rad1 Nh7 14. Ng3 Bg6 15. f4
Nf8 16. d5 Qc8 17. f5 Bh7 18. f6 Rg8 19. fxe7 Kxe7 20. Bd4 Nbd7 21. Qb4+ Ke8
22. Bb5 Rg6 23. Bxd7+ Qxd7 24. dxe6 Rxe6 25. Bxb6 Rxb6 26. Rxd7 Rxb4 27. axb4
Kxd7 28. Rd1+ Kc6 29. Re1 Ne6 30. Rc1 Kb6 31. Nd5+ Kb7 32. Nf5 Rd8 33. Rd1 Nf4
34. g4 Nxd5 35. Rxd5 Rxd5 36. exd5 Kc8 37. Kf2 f6 38. Ke3 Kd7 39. Kd4 h5 40.
Ne3 hxg4 41. Nxg4 f5 42. Nf6+ 1-0

[Event "Club Championships Major Open"]
[Site "Wellington Chess Club"]
[Date "2019.11.28"]
[Round "10.12"]
[White "Ackroyd, William"]
[Black "Shepherd, Blake"]
[Result "1-0"]
[WhiteElo "1277"]
[BlackElo "1100"]

1. e4 e6 2. d4 d5 3. Nc3 dxe4 4. Nxe4 Nd7 5. Nf3 Ngf6 6. Bd3 c5 7. Nxc5 Bxc5 8.
dxc5 Nxc5 9. Bb5+ Bd7 10. Bxd7+ Qxd7 11. Be3 Qb5 12. Qd4 Nfd7 13. O-O-O O-O-O
14. Qxg7 f6 15. Bxc5 Qxc5 16. Rxd7 1-0

[Event "Club Championships Major Open"]
[Site "Wellington Chess Club"]
[Date "2019.12.05"]
[Round "11.1"]
[White "Carroll, Lewis"]
[Black "Wojnar, Maciej"]
[Result "0-1"]
[WhiteElo "1422"]
[BlackElo "2000"]

1. e4 e5 2. Nf3 f5 3. Nxe5 Qf6 4. d4 d6 5. Nc4 fxe4 6. Nc3 Qg6 7. Be2 Qxg2 8.
Rf1 Nf6 9. Ne3 Qg6 10. Ned5 Kd8 11. Nxf6 gxf6 12. Bh5 Qg2 13. Qe2 Bh3 14. Nxe4
Qxf1+ 15. Qxf1 Bxf1 16. Kxf1 Bg7 17. f3 Nc6 18. d5 Ne7 19. Bf7 Rf8 20. Be6 Ng6
21. c4 Ne5 22. c5 dxc5 23. Nxc5 b6 24. Nb7+ Ke8 25. d6 cxd6 26. Nxd6+ Ke7 27.
Nf5+ Kxe6 28. Nxg7+ Kf7 29. Bh6 0-1

[Event "Club Championships Major Open"]
[Site "Wellington Chess Club"]
[Date "2019.12.05"]
[Round "11.2"]
[White "Enegbuma, Wallace"]
[Black "Stone, Andrew"]
[Result "0-1"]
[WhiteElo "1777"]
[BlackElo "2074"]

1. e4 c6 2. Nf3 d5 3. exd5 cxd5 4. d4 g6 5. c3 Nf6 6. Bd3 Bg7 7. Bf4 O-O 8. O-O
Nc6 9. Na3 Bg4 10. h3 Bxf3 11. Qxf3 Nh5 12. Bh2 e5 13. dxe5 Nxe5 14. Bxe5 Bxe5
15. Rfe1 Bg7 16. Nc2 Qb6 17. Rab1 Rad8 18. Nb4 Qc5 19. a3 d4 20. c4 Qg5 21.
Qxb7 Nf4 22. Qf3 a5 23. Nc6 Rde8 24. b4 axb4 25. axb4 Ne6 26. c5 Qf4 27. Qg3
Ra8 28. Bc4 Qd2 29. Re2 Qc3 30. Qxc3 dxc3 31. Bxe6 fxe6 32. Rxe6 $2 (32. b5 $1)
32... Ra2 (32... c2 33. Rc1 Ra1 34. Ree1 Rfa8 35. Na5 Rd8 36. Nb3 Ra3 37. Rxc2
Rxb3 38. Rc4 Bc3 39. Ree4) 33. f3 c2 34. Rf1 Rb2 (34... Ra1 35. Ree1 Rxe1 36.
Rxe1 Bh6 37. Kf1 c1=Q 38. Rxc1 Bxc1) 35. Re4 Ra8 (35... Bh6 36. Ree1 Bd2 37.
Ra1) 36. Ne7+ Kf7 37. c6 Rb1 38. Ree1 Raa1 39. c7 c1=Q (39... Rxe1 40. Rxe1
Rxe1+ 41. Kf2 Bd4+ 42. Kxe1 c1=Q+ 43. Ke2 Qc2+ 44. Ke1 Bc3+ 45. Kf1 Qd1+ 46.
Kf2 Qe1#) 40. c8=Q Qxc8 (40... Bd4+ 41. Kh2 Qf4+ 42. g3 Qd2+ 43. Kh1 Rxe1) 41.
Nxc8 (41. Rxb1 Bd4+ 42. Kh1 Rxb1 43. Nxc8 Rxf1+) 41... Rxe1 42. Rxe1 Rxe1+ 43.
Kf2 Rb1 44. b5 Ke6 45. b6 Bd4+ 46. Kg3 Bxb6 47. Nxb6 Rxb6 0-1

[Event "Club Championships Major Open"]
[Site "Wellington Chess Club"]
[Date "2019.12.05"]
[Round "11.3"]
[White "Farrington, Lawrence"]
[Black "Mullan, Brett"]
[Result "0-1"]
[WhiteElo "1706"]
[BlackElo "1825"]

1. e4 c5 2. Nf3 Nc6 3. Bb5 e6 4. c3 Qc7 5. Bxc6 Qxc6 6. e5 Qe4+ 7. Qe2 Qxe2+ 8.
Kxe2 Ne7 9. Na3 a6 10. Nc4 Nd5 11. d3 b5 12. Na3 Bb7 13. Rd1 f6 14. Kf1 Be7 15.
Nc2 Rc8 16. Nce1 d6 17. d4 cxd4 18. exd6 Bxd6 19. Nxd4 Ke7 20. Nef3 g6 21. h3
Nb6 22. Re1 e5 23. Nd2 Kf7 24. N4b3 Nd7 25. Ne4 Bb8 26. Be3 Bxe4 27. Rad1 Ke6
28. Na5 Ba8 29. Rd2 Rhd8 30. Red1 Bc7 31. Nb3 Bc6 32. Ba7 Ra8 33. Be3 Rab8 34.
Ba7 Rb7 35. Be3 Rbb8 36. Ba7 Rbc8 37. Be3 Ke7 38. f3 Nb6 39. Nc5 Rxd2 40. Rxd2
Nc4 0-1

[Event "Club Championships Major Open"]
[Site "Wellington Chess Club"]
[Date "2019.12.05"]
[Round "11.4"]
[White "Wojnar, Jacek"]
[Black "Rabina, Romeo"]
[Result "1-0"]
[WhiteElo "1800"]
[BlackElo "1647"]

1. e4 b6 2. Bc4 Bb7 3. Nf3 e6 4. Qe2 Nf6 5. d3 d5 6. exd5 Bxd5 7. Bxd5 Qxd5 8.
O-O Be7 9. Nc3 Qh5 10. Bf4 Bd6 11. Bxd6 cxd6 12. d4 a6 13. Rad1 O-O 14. d5 e5
15. Rfe1 Rc8 16. Nd2 Qxe2 17. Rxe2 Rd8 18. Nde4 Nxe4 19. Nxe4 Ra7 20. f4 f5 21.
Nxd6 Kf8 22. Rde1 1-0

[Event "Club Championships Major Open"]
[Site "Wellington Chess Club"]
[Date "2019.12.05"]
[Round "11.5"]
[White "Laking, Robert"]
[Black "Webster, Jamie"]
[Result "1-0"]
[WhiteElo "1968"]
[BlackElo "1701"]

1. d4 Nf6 2. c4 e6 3. Nf3 Bb4+ 4. Nbd2 b6 5. a3 Be7 6. e4 d5 7. Bd3 Bb7 8. Qc2
dxe4 9. Nxe4 Nxe4 10. Bxe4 Bxe4 11. Qxe4 Nd7 12. b4 O-O 13. Bb2 Bf6 14. O-O c5
15. Rfd1 Qe7 16. Ne5 cxd4 17. Nc6 Qe8 18. Bxd4 Bxd4 19. Rxd4 Nf6 20. Qf3 a5 21.
Rad1 Rc8 22. b5 Rxc6 23. Qxc6 Qxc6 24. bxc6 h6 25. Rd8 Rxd8 26. Rxd8+ Kh7 27.
c7 1-0

[Event "Club Championships Major Open"]
[Site "Wellington Chess Club"]
[Date "2019.12.05"]
[Round "11.6"]
[White "Quayle, Jamie"]
[Black "Brockway, Andrew"]
[Result "0-1"]
[WhiteElo "1683"]
[BlackElo "1836"]

1. d4 Nf6 2. Bf4 e6 3. Nf3 d5 4. e3 c5 5. c3 Nbd7 6. Bd3 b6 7. Qa4 Bb7 8. Ne5
a6 9. Nd2 b5 10. Qd1 Nxe5 11. dxe5 Ne4 12. Bxe4 dxe4 13. O-O Be7 14. Qc2 Qd3
15. Rac1 Qxc2 16. Rxc2 c4 17. b3 cxb3 18. axb3 O-O 19. b4 Rfc8 20. Rd1 Bxb4 21.
Nb1 Bd5 0-1

[Event "Club Championships Major Open"]
[Site "Wellington Chess Club"]
[Date "2019.12.05"]
[Round "11.7"]
[White "Stoeveken, Peter"]
[Black "Ashe, Michael"]
[Result "1-0"]
[WhiteElo "1827"]
[BlackElo "1662"]

1. d4 Nf6 2. Bg5 d5 3. Nf3 Nbd7 4. Nbd2 h6 5. Bh4 e6 6. e3 Be7 7. Bd3 O-O 8. c3
c5 9. O-O Re8 10. Rc1 Qb6 11. b3 a5 12. Re1 Qa7 13. Qe2 b6 14. Bb1 Ba6 15. Qd1
b5 16. Qc2 c4 17. e4 cxb3 18. axb3 Bb7 19. e5 Ne4 20. Bxe7 Rxe7 21. Nxe4 dxe4
22. Nd2 f5 23. exf6 Nxf6 24. Qd1 Rf8 25. Bxe4 Bxe4 26. Nxe4 Nxe4 27. Rxe4 e5
28. Qe2 Qc7 29. Qxb5 Rfe8 30. d5 Rb8 31. Qa4 Qb6 32. Rb1 Qc5 33. Qc4 Qa3 34.
d6+ Rf7 35. Rxe5 Qxd6 36. Rbe1 Kf8 37. Rxa5 Qb6 38. Qc5+ Qxc5 39. Rxc5 Re7 40.
Rxe7 Kxe7 41. b4 Kd6 42. f4 Re8 43. Kf2 Rf8 44. Kg3 Re8 45. Re5 Rc8 46. Re3 Kd5
47. Kh4 Rc4 48. Kg3 Rc7 49. Kf3 Rf7 50. g4 Rc7 51. h4 g6 52. f5 gxf5 53. gxf5
Rc4 54. Kg3 h5 55. f6 Rg4+ 56. Kf2 1-0

[Event "Club Championships Major Open"]
[Site "Wellington Chess Club"]
[Date "2019.12.05"]
[Round "11.8"]
[White "Kibblewhite, Daniel"]
[Black "Van der Hoorn, Thomas"]
[Result "1-0"]
[WhiteElo "1537"]
[BlackElo "1807"]

1. d4 Nf6 2. c4 e6 3. Nf3 Bb4+ 4. Bd2 Be7 5. Nc3 O-O 6. e4 d6 7. Bd3 c5 8. d5
exd5 9. exd5 Bg4 10. O-O Re8 11. h3 Bh5 12. Ne4 Bg6 13. Nxf6+ Bxf6 14. Bxg6
hxg6 15. Qc2 Nd7 16. Rae1 Ne5 17. Nxe5 Bxe5 18. b3 Qd7 19. a3 a5 20. Bc3 a4 21.
Bxe5 Rxe5 22. Rxe5 dxe5 23. b4 cxb4 24. axb4 b5 25. cxb5 Qxb5 26. Qc5 Qxc5 27.
bxc5 a3 28. Ra1 a2 29. Kf1 Kf8 30. Ke2 Ke7 31. Kd3 Ra4 32. Kc3 Kd7 33. Kb3 Rd4
34. c6+ Kc7 35. Rxa2 Rxd5 36. Ra7+ Kxc6 37. Rxf7 Rd7 38. Rxd7 Kxd7 39. Kc4 Ke6
40. Kd3 Kf5 41. Ke3 e4 42. g3 g5 43. Kd4 g6 44. Kd5 Kf6 45. Kxe4 Ke6 46. f3 Kf6
47. f4 gxf4 48. Kxf4 Kf7 49. Kg5 Kg7 50. h4 Kf7 51. Kh6 Kf6 52. g4 Kf7 53. g5
Kf8 54. Kxg6 Kg8 55. Kf6 Kh7 56. Kf7 Kh8 57. h5 Kh7 58. g6+ Kh8 1-0

[Event "Club Championships Major Open"]
[Site "Wellington Chess Club"]
[Date "2019.12.05"]
[Round "11.9"]
[White "Stannard, Lars"]
[Black "Dixon, Hamish"]
[Result "1-0"]
[WhiteElo "1485"]
[BlackElo "1681"]

1. d4 Nf6 2. Nf3 b6 3. Bf4 Bb7 4. e3 e6 5. Bd3 c5 6. c3 Nc6 7. Nbd2 Be7 8. h3
h6 9. a3 d5 10. O-O Bd6 11. Bxd6 Qxd6 12. b3 O-O 13. Re1 Rac8 14. Qe2 e5 15.
dxe5 Nxe5 16. Nxe5 Qxe5 17. c4 Rfe8 18. a4 a5 19. cxd5 Qxd5 20. f3 {Can't
understand the rest} 1-0

[Event "Club Championships Major Open"]
[Site "Wellington Chess Club"]
[Date "2019.12.05"]
[Round "11.10"]
[White "Hurndell, Robert"]
[Black "Cooke, Xandi"]
[Result "1-0"]
[WhiteElo "1545"]
[BlackElo "1512"]

1. e4 c5 2. Nf3 d6 3. d4 cxd4 4. Nxd4 Nf6 5. Nc3 g6 6. Be3 Bg7 7. f3 O-O 8. Qd2
Bd7 9. O-O-O Nc6 10. h4 Nxd4 11. Bxd4 Qa5 12. Bc4 Rac8 13. Bb3 b5 14. Kb1 Qc7
15. g4 a5 16. a4 bxa4 17. Nxa4 Bxa4 18. Bxa4 Qc4 19. Bb3 Qb5 20. h5 gxh5 21.
gxh5 h6 22. Rdg1 Kh7 23. Qg2 Rg8 24. Bxf7 Qb4 25. Bxg8+ Rxg8 26. Qg6+ Kh8 27.
Bxf6 exf6 28. Rg3 a4 29. Qf7 1-0

[Event "Club Championships Major Open"]
[Site "Wellington Chess Club"]
[Date "2019.12.05"]
[Round "11.11"]
[White "Asher, Bruce"]
[Black "Ackroyd, William"]
[Result "0-1"]
[WhiteElo "1178"]
[BlackElo "1277"]

1. e4 c6 2. c4 d5 3. cxd5 cxd5 4. Nc3 d4 5. Nd5 e6 6. Nf4 Bd6 7. d3 Qc7 8. g3
Ne7 9. Qa4+ Nbc6 10. Nf3 e5 11. Nd5 Qa5+ 12. Qxa5 Nxa5 13. Bg2 Nxd5 14. exd5 b6
15. Bd2 Nb7 16. O-O O-O 17. Rfe1 f6 18. Rac1 Bd7 19. Nh4 g5 20. Nf3 Rac8 21. h4
g4 22. Nh2 Rxc1 23. Rxc1 Rc8 24. Rxc8+ Bxc8 25. a3 Nc5 26. Bb4 a5 27. Bxc5 bxc5
28. f3 gxf3 29. Bxf3 Ba6 30. Ng4 f5 31. Nh6+ Kf8 32. Nxf5 Bb8 33. Be4 c4 34. d6
cxd3 35. d7 Bc7 36. Bf3 Bb5 37. Nd6 Bxd7 38. Ne4 Bc6 39. Kf2 Kg7 40. Bg2 Kg6
41. g4 d2 42. Ke2 h5 43. Kxd2 hxg4 44. Ke2 Bxe4 45. Bxe4+ Kh5 46. Kf2 Kxh4 47.
Kg2 g3 48. b4 axb4 49. axb4 Kg4 50. Bh7 Kf4 51. b5 e4 52. Kf1 d3 53. Bxe4 Kxe4
54. b6 d2 55. bxc7 d1=Q+ 56. Kg2 Qc2+ 57. Kf1 g2+ 58. Kg1 Kf3 59. c8=Q Qxc8 60.
Kh2 Qh8+ 0-1

[Event "Club Championships Major Open"]
[Site "Wellington Chess Club"]
[Date "2019.12.12"]
[Round "12.1"]
[White "Wojnar, Maciej"]
[Black "Quayle, Jamie"]
[Result "1-0"]
[WhiteElo "2000"]
[BlackElo "1683"]

1. e4 c6 2. d4 d5 3. e5 Bf5 4. g4 Bg6 5. h4 h6 6. h5 Bh7 7. e6 fxe6 8. Bd3 Qd6
9. Bxh7 Rxh7 10. Qd3 Nf6 11. Nf3 Nbd7 12. Qg6+ Kd8 13. g5 hxg5 14. Nxg5 Kc7 15.
Nxh7 e5 16. dxe5 Nxe5 17. Qg3 Ne4 18. Qf4 e6 19. Nc3 Rd8 20. Be3 Kc8 21. Rd1
Nc5 22. Qg3 Ncd7 23. Bf4 Qc7 24. Ng5 Bd6 25. Nxe6 Qa5 26. Nxd8 Kxd8 27. O-O 1-0

[Event "Club Championships Major Open"]
[Site "Wellington Chess Club"]
[Date "2019.12.12"]
[Round "12.2"]
[White "Stone, Andrew"]
[Black "Wevers, Alexis"]
[Result "1/2-1/2"]
[WhiteElo "2074"]
[BlackElo "1798"]

1. e4 c5 2. d4 cxd4 3. c3 d3 4. Bxd3 Nc6 5. Nf3 e5 6. O-O Nf6 7. Bc4 Be7 8. Re1
O-O 9. b4 Qc7 10. Qb3 h6 (10... a5 11. b5 a4 12. Qd1 Na5) 11. Nbd2 a6 12. a4 b6
13. Nf1 Bb7 14. Ne3 Na7 15. Nf5 d5 16. Nxe7+ (16. Bxd5 Nxd5 17. exd5 Rad8 (
17... Bf6 18. c4 Bc8 19. N3h4 Bd7 20. Bb2) 18. c4) 16... Qxe7 17. exd5 (17.
Bxd5 Nxd5 18. exd5 f6) 17... Qd6 18. Be3 $2 (18. b5 Bxd5 (18... axb5 19. axb5
Rfe8 20. Ba3 Qc7 21. d6) 19. Ba3 Bxc4 20. Qxc4 Rfc8 21. Qxc8+ Rxc8 22. Bxd6)
18... Ng4 19. Rad1 $2 e4 20. h3 (20. Bc5 bxc5 21. Rxe4 Nf6 22. bxc5 Qxc5 23.
Red4) 20... Nxe3 21. Rxe3 exf3 22. Re6 $5 fxe6 (22... Qd7 23. Re3 b5) 23. dxe6
Qe7 (23... Qe5 24. e7+ Kh8 25. exf8=Q+ Rxf8 $19) 24. Rd7 Qg5 (24... Nc6 25.
Rxe7 Nxe7) 25. e7+ Kh8 (25... Kh7 26. exf8=N+ Rxf8 27. Qb1+ Kh8 28. g3) 26.
exf8=Q+ Rxf8 27. g3 Bc8 28. Rxa7 Bxh3 (28... Be6 $3 29. Bxe6 (29. Kh2 Qd2 30.
Qa2 Qe1 31. Re7 Bxc4 32. Rxe1 Bxa2) 29... Qc1+ 30. Kh2 Qf1) 29. Qd1 h5 (29...
Bg2 30. Bf1) 30. Qd5 $14 Qg6 31. Bd3 Qe8 { White has Mate in 36 moves
apparently here!!!} 32. Qe4 (32. Re7 $3 { I think I'll forgive myself for not
seeing this move} 32... Qxe7 33. Qxh5+ Kg8 34. Bh7+ Kh8 35. Bg6+ Kg8 36. Qh7#)
32... Qxe4 33. Bxe4 Bg2 34. Bg6 { I was totally scared of getting mated on h1
by his rook I quickly first create mate threats of my own}  (34. Rxa6 { This
variation never rated well in my valuation because I was scared my king was
going to be forever shut out once his pawn reached g4 and me end up with a
losing endgame} 34... Re8 35. Ra8 $1 { The move I missed} 35... Rxa8 36. Bxa8
g5 37. a5 { and white will queen} ) 34... Rd8 35. Kh2 Kg8 36. g4 hxg4 (36... h4
) 37. Kg3 Kf8 38. Kxg4 Rc8 39. Rf7+ $2 (39. Rxa6 Rxc3 40. Rxb6) 39... Kg8 40.
Re7 Kf8 41. Rf7+ Kg8 42. Rb7 Kf8 43. Rxb6 Rxc3 44. Rb7 (44. Re6 $1 Rc8 45. Rxa6
Rc4+ 46. Kg3 Rxb4 47. Re6 Rb8 48. a5 { and black will need to sac his bishop on
a6 or else white will queen} ) 44... Rc6 45. Bd3 (45. Rf7+ Kg8 46. Kg5) 45...
Rd6 46. Be4 a5 47. Bxf3 $4 (47. b5 Rd4 48. Kf4 Rxa4 49. b6 Rb4 50. Rb8+ Ke7 51.
b7 Bf1 52. Rg8 Bd3 53. b8=Q) 47... Rg6+ 48. Kh5 Bxf3+ 49. Kxg6 Bxb7 50. bxa5
Bc6 $2 (50... Be4+ 51. Kg5 Bd3 52. f4 Ke7 53. a6 Bxa6 54. Kg6 Kf8 55. f5 Bd3
56. a5 Kg8 57. a6 Bxa6 58. f6 Bd3+ 59. Kg5 g6 { And black wins} ) 51. f4 $2 (
51. a6 Bxa4 52. f3 Be8+ 53. Kf5 Bc6 54. f4 Kf7 55. Kg4 Kg6 56. f5+ Kf6 57. a7
Be4 58. Kf4 Bd5 59. Kg4 Be4 60. Kf4 { And amazingly, white draws here} ) 51...
Bxa4 (51... Be4+ { and black wins} ) 52. a6 Bc6 53. f5 Be4 54. a7 1/2-1/2

[Event "Club Championships Major Open"]
[Site "Wellington Chess Club"]
[Date "2019.12.12"]
[Round "12.3"]
[White "Brockway, Andrew"]
[Black "Wojnar, Jacek"]
[Result "0-1"]
[WhiteElo "1836"]
[BlackElo "1800"]

1. e4 e5 2. Nf3 f5 3. Nxe5 Qf6 4. d4 d6 5. Nc4 fxe4 6. Be2 Nc6 7. c3 d5 8. Ne3
Be6 9. Ng4 Qg6 10. Bf4 O-O-O 11. g3 Bd6 12. Ne5 Bxe5 13. dxe5 Qf5 14. Qa4 Kb8
15. Na3 d4 16. Ba6 Nge7 17. Qb5 b6 18. c4 g5 19. Bxg5 Qxg5 20. c5 Qxe5 21. Rc1
d3 22. Kd2 Qg5+ 23. Kd1 Bg4+ 24. Ke1 d2+ 0-1

[Event "Club Championships Major Open"]
[Site "Wellington Chess Club"]
[Date "2019.12.12"]
[Round "12.5"]
[White "Farrington, Lawrence"]
[Black "Carroll, Lewis"]
[Result "1-0"]
[WhiteElo "1706"]
[BlackElo "1422"]

1. e4 e5 2. Nf3 f5 3. Nxe5 Qf6 4. Nc4 fxe4 5. d4 d5 6. Ne3 Qd8 7. Qh5+ Ke7 8.
Qxd5 Nf6 9. Qxd8+ Kxd8 10. c4 Nc6 11. Nc2 Bb4+ 12. Bd2 Bxd2+ 13. Nxd2 Re8 14.
d5 Ne5 15. O-O-O Neg4 16. Re1 Nxf2 17. Rg1 N6g4 18. h3 Ne5 19. Re3 Nfd3+ 20.
Bxd3 Nxd3+ 21. Kb1 Bf5 22. Rf1 Bg6 23. Nd4 Nc5 24. b4 Nd3 25. a3 a5 26. b5 Nc5
27. Kb2 Kd7 28. N4b3 Nd3+ 29. Kc3 a4 30. Nd4 Nc5 31. Ne2 h6 32. Nf4 Bh7 33. Nh5
Rf8 34. Rxf8 Rxf8 35. g4 g5 36. Ng3 Re8 37. Kd4 Rf8 1-0